Globalization India and the world / (Record no. 68892)

MARC details
000 -LEADER
fixed length control field 00952nam a22002657a 4500
005 - DATE AND TIME OF LATEST TRANSACTION
control field 2012080607307.0
008 - FIXED-LENGTH DATA ELEMENTS--GENERAL INFORMATION
fixed length control field 120806t xxu||||| |||| 00| 0 eng d
010 ## - LCCN (DPL NO)
LC control number ENG-105507
020 ## - INTERNATIONAL STANDARD BOOK NUMBER
International Standard Book Number 9788180697845
Terms of availability 500.00
020 ## - INTERNATIONAL STANDARD BOOK NUMBER
International Standard Book Number 8180697843
Terms of availability 500.00
035 ## - SYSTEM CONTROL NUMBER
System control number EN-89040
037 ## - SOURCE OF ACQUISITION
Source of stock number/acquisition DBAD/PUB
040 ## - CATALOGING SOURCE
Original cataloging agency DPL
Language of cataloging Eng
082 ## - DEWEY DECIMAL CLASSIFICATION NUMBER
Classification number 337
100 ## - MAIN ENTRY--PERSONAL NAME
Personal name Agrawal, P.K.
9 (RLIN) 50795
245 00 - TITLE STATEMENT
Title Globalization India and the world /
Statement of responsibility, etc by P.K. Agrawal [and] R.K. Bhatt
260 ## - PUBLICATION, DISTRIBUTION, ETC. (IMPRINT)
Place of publication, distribution, etc New Delhi
Name of publisher, distributor, etc Concept Publishing
Date of publication, distribution, etc 2011
270 ## - ADDRESS
Address A/15-16, Commercial Block, Mohan Garden
City New Delhi
Postal code 110059
300 ## - PHYSICAL DESCRIPTION
Extent viii,198p. :
Dimensions 22cm(Hb)
Other physical details ill.
500 ## - GENERAL NOTE
General note Includes bibliographical references and index.
700 ## - ADDED ENTRY--PERSONAL NAME
Personal name Bhatt, R.K.
9 (RLIN) 50798
942 ## - ADDED ENTRY ELEMENTS (KOHA)
Source of classification or shelving scheme Dewey Decimal Classification
Item type English Books
Classification part 337
Call number suffix AGR
Holdings
Withdrawn status Lost status Source of classification or shelving scheme Damaged status Not for loan Collection code Home library Current library Date acquired Source of acquisition Cost, normal purchase price Total Checkouts Full call number Barcode Date last seen Copy number Cost, replacement price Koha item type
    Dewey Decimal Classification   Not For Loan Non-fiction D.B.Act.Division D.B.Act.Division 06/08/2012 DBAD/PUB 500.00   337 AGR EN-89040 06/08/2012 1 500.00 English Books

© Delhi Public Library
Hit Counter
free hit counter